Central Library OPAC University of Rajshahi

কবিতায় মিথ এবং অন্যান্য প্রসঙ্গ / (Record no. 74226)

MARC details
000 -LEADER
fixed length control field 01397nam a2200289 a 4500
001 - CONTROL NUMBER
control field 74226
003 - CONTROL NUMBER IDENTIFIER
rucl marc code BD-RjUL
005 - DATE AND TIME OF LATEST TRANSACTION
control field 20211209082521.0
008 - FIXED-LENGTH DATA ELEMENTS--GENERAL INFORMATION
fixed length control field 180409r20121993bg b 001 0 beno
020 ## - INTERNATIONAL STANDARD BOOK NUMBER
International Standard Book Number 9789842002403
Terms of availability : Tk. 350.00
035 ## - SYSTEM CONTROL NUMBER
System control number (BD-RjUL)74444
040 ## - CATALOGING SOURCE
Original cataloging agency DLC
Language of cataloging ben
Description conventions rda
Transcribing agency DLC
Modifying agency DLC
-- BD-RjUL
041 ## - LANGUAGE CODE
Language code of text/sound track or separate title ben
082 ## - DEWEY DECIMAL CLASSIFICATION NUMBER
Edition number 23
Classification number 891.4417093556
Author mark and year SAK 2012
100 1# - MAIN ENTRY--PERSONAL NAME
Personal name সাদিক, মাহবুব
Dates associated with a name ১৯৪৭-
9 (RLIN) 221028
245 10 - TITLE STATEMENT
Title কবিতায় মিথ এবং অন্যান্য প্রসঙ্গ /
Statement of responsibility, etc. মাহবুব সাদিক,
250 ## - EDITION STATEMENT
Edition statement দ্বিতীয় বর্ধিত সংস্করণ
260 ## - PUBLICATION, DISTRIBUTION, ETC. (IMPRINT)
Place of publication, distribution, etc. ঢাকা :
Name of publisher, distributor, etc. অ্যাডর্ন পাবলিকেশন,
Date of publication, distribution, etc. ২০১২
300 ## - PHYSICAL DESCRIPTION
Pagination ২১৪ পৃ. ;
Size ২২ সেমি.
504 ## - BIBLIOGRAPHY, ETC. NOTE
Bibliography, etc গ্রন্থপদ্ধতিগত রেফারেন্স এবং সূচক অন্তর্ভুক্ত।
520 ## - SUMMARY, ETC.
Summary, etc. Study on 20th century Bengali poetry; includes articles on the use of myth.
650 #0 - SUBJECT ADDED ENTRY--TOPICAL TERM
Topical term or geographic name as entry element বাংলা কবিতা
Chronological subdivision ২0 শতক
General subdivision ইতিহাস ও সমালোচনা
9 (RLIN) 221029
Topical term or geographic name as entry element Bengali poetry
Chronological subdivision 20th century
General subdivision History and criticism.
9 (RLIN) 221030
Topical term or geographic name as entry element সাহিত্যে শ্রুতি
9 (RLIN) 221031
Topical term or geographic name as entry element Myth in literature
9 (RLIN) 221032
942 ## - ADDED ENTRY ELEMENTS (KOHA)
Source of classification or shelving scheme Dewey Decimal Classification
Koha item type Books
Holdings
Lost status Source of classification or shelving scheme Damaged status Not for loan Collection code Permanent Location Current Location Shelving location Date acquired Source of acquisition Cost, normal purchase price Total Checkouts Full call number Date last seen Copy number Koha item type Date checked out
  Dewey Decimal Classification   Not For Loan Non-fiction Central Library, University of Rajshahi Central Library, University of Rajshahi Reading Room 23/03/2017 News Home, Rajshahi 350.00   B 891.4417093556 SAK 2012 09/04/2018 C-1 Books  
  Dewey Decimal Classification     Non-fiction Central Library, University of Rajshahi Central Library, University of Rajshahi   23/03/2017 News Home, Rajshahi 350.00 4 B 891.4417093556 SAK 2012 27/02/2025 C-2 Books 20/02/2025
  Dewey Decimal Classification     Non-fiction Central Library, University of Rajshahi Central Library, University of Rajshahi   23/03/2017 News Home, Rajshahi 350.00 7 B 891.4417093556 SAK 2012 09/07/2023 C-3 Books 20/06/2023